000 00319nam a2200133Ia 4500
005 20251222155047.0
008 251222s9999||||xx |||||||||||||| ||spa||
082 _aING. 06.1
100 _aJACK C. Richards.
245 0 _aChanges English 1 Student's Book
250 _a1ra. ed.
264 _bCambriadge
942 _cLIB
999 _c37128
_d37128